000 00303nam a22001337a 4500
008 170703b xxu||||| |||| 00| 0 eng d
020 _a030314004951
041 _aeng
080 _a821
100 _a22
101 _aGJL
245 _a3,500 GOOD QUOTES FOR SPEAKERS
_cLIEBERMAN, G.F
942 _2udc
_cBK
999 _c19833
_d19833